000 01071nam0a22002651 4500
001 rc\4094973
005 20130415162414.1
021 _aRU
_b[50-40927]
035 _a(NLR Aleph) 007972782
090 _a8470277
_c8470277
100 _a20130415d1950 |||y0rusy50 ca
101 0 _arus
102 _aRU
105 _ay z |||a|
200 1 _aНоваторы
_eПьеса в одном д.
_fКом. по делам искусств при Совете министров СССР. Всесоюз. дом нар. творчества им. Н.К. Крупской
210 _aМосква
_c2-я тип. Гос. изд-ва архитектуры и градостроительства
_d1950
215 _a31 с.
_d14
300 _aПеред загл. авт.: Илья Горев и Семен Полонский
700 1 _aГорев
_bИ. А.
_f-1969
_gИлья Александрович
701 1 _aПолонский
_bС.
_gСемен
801 0 _aRU
_bNLR
_gpsbo
801 1 _aRU
_bELAR
_2rusmarc
852 _aNLR
_jЛ30 Г-2/2389
942 _cBOOK
980 _aNB